Star wars, the clone wars : (Record no. 276085)
[ view plain ]
| 000 -LEADER | |
|---|---|
| fixed length control field | 02300cam a2200505Ia 4500 |
| 001 - CONTROL NUMBER | |
| control field | ocn711785641 |
| 003 - CONTROL NUMBER IDENTIFIER | |
| control field | OCoLC |
| 005 - DATE AND TIME OF LATEST TRANSACTION | |
| control field | 20200320185416.0 |
| 008 - FIXED-LENGTH DATA ELEMENTS--GENERAL INFORMATION | |
| fixed length control field | 110407s2011 mnua j 6 000 1 eng d |
| 020 ## - INTERNATIONAL STANDARD BOOK NUMBER | |
| International Standard Book Number | 9781599618418 (lib. bdg.) |
| 020 ## - INTERNATIONAL STANDARD BOOK NUMBER | |
| International Standard Book Number | 1599618419 (lib. bdg.) |
| 035 ## - SYSTEM CONTROL NUMBER | |
| System control number | (OCoLC)711785641 |
| 040 ## - CATALOGING SOURCE | |
| Original cataloging agency | JP3 |
| Transcribing agency | JP3 |
| Modifying agency | HSA |
| -- | WACOL |
| 049 ## - LOCAL HOLDINGS (OCLC) | |
| Holding library | WACL |
| 092 ## - LOCALLY ASSIGNED DEWEY CALL NUMBER (OCLC) | |
| Classification number | 741.5973 |
| 092 ## - LOCALLY ASSIGNED DEWEY CALL NUMBER (OCLC) | |
| Classification number | junior |
| Item number | Gil |
| 100 1# - MAIN ENTRY--PERSONAL NAME | |
| Personal name | Gilroy, Henry. |
| 9 (RLIN) | 57083 |
| 245 10 - TITLE STATEMENT | |
| Title | Star wars, the clone wars : |
| Remainder of title | hero of the confederacy. |
| Number of part/section of a work | Volume 1, |
| Name of part/section of a work | Breaking bread with the enemy! / |
| Statement of responsibility, etc | script, Henry Gilroy, Steven Melching ; pencils, Brian Koschak ; inks, Dan Parsons ; colors, Michael E. Wiggam ; lettering, Michael Heisler. |
| 246 30 - VARYING FORM OF TITLE | |
| Title proper/short title | Hero of the confederacy |
| 246 3# - VARYING FORM OF TITLE | |
| Title proper/short title | Breaking bread with the enemy! |
| 250 ## - EDITION STATEMENT | |
| Edition statement | Reinforced library bound ed. |
| 260 ## - PUBLICATION, DISTRIBUTION, ETC. (IMPRINT) | |
| Place of publication, distribution, etc | Edina, Minn. : |
| Name of publisher, distributor, etc | Spotlight, |
| Date of publication, distribution, etc | 2011. |
| 300 ## - PHYSICAL DESCRIPTION | |
| Extent | 1 v. (unpaged) : |
| Other physical details | col. ill. ; |
| Dimensions | 27 cm. |
| 500 ## - GENERAL NOTE | |
| General note | "Dark Horse Comics." |
| 520 ## - SUMMARY, ETC. | |
| Summary, etc | When Obi-Wan Kenobi and Anakin Skywalker are sent to Valahari to negotiate for the Republic during the clone wars, Anakin is framed for a dishonorable act, and they are caught up in galactic politics and war. |
| 521 ## - TARGET AUDIENCE NOTE | |
| Target audience note | junior fiction |
| Source | midAmerica |
| 650 #0 - SUBJECT ADDED ENTRY--TOPICAL TERM | |
| Topical term or geographic name as entry element | Vader, Darth (Fictitious character) |
| Form subdivision | Comic books, strips, etc. |
| 9 (RLIN) | 5691848 |
| 650 #0 - SUBJECT ADDED ENTRY--TOPICAL TERM | |
| Topical term or geographic name as entry element | Kenobi, Obi-Wan (Fictitious character) |
| Form subdivision | Comic books, strips, etc. |
| 9 (RLIN) | 5691761 |
| 650 #0 - SUBJECT ADDED ENTRY--TOPICAL TERM | |
| Topical term or geographic name as entry element | Space warfare |
| Form subdivision | Comic books, strips, etc. |
| 9 (RLIN) | 5691765 |
| 650 #0 - SUBJECT ADDED ENTRY--TOPICAL TERM | |
| Topical term or geographic name as entry element | Imaginary wars and battles |
| Form subdivision | Comic books, strips, etc. |
| 9 (RLIN) | 5691762 |
| 650 #0 - SUBJECT ADDED ENTRY--TOPICAL TERM | |
| Topical term or geographic name as entry element | Life on other planets |
| Form subdivision | Comic books, strips, etc. |
| 9 (RLIN) | 5691763 |
| 655 #0 - INDEX TERM--GENRE/FORM | |
| Genre/form data or focus term | Star Wars fiction. |
| 9 (RLIN) | 5691710 |
| 655 #0 - INDEX TERM--GENRE/FORM | |
| Genre/form data or focus term | Science fiction comic books, strips etc. |
| 9 (RLIN) | 102749 |
| 655 #0 - INDEX TERM--GENRE/FORM | |
| Genre/form data or focus term | Graphic novels. |
| 9 (RLIN) | 5674445 |
| 700 1# - ADDED ENTRY--PERSONAL NAME | |
| Personal name | Melching, Steven. |
| Relator code | aut |
| 9 (RLIN) | 5866634 |
| 700 1# - ADDED ENTRY--PERSONAL NAME | |
| Personal name | Koschak, Brian. |
| Relator code | ill |
| 9 (RLIN) | 5866635 |
| 700 1# - ADDED ENTRY--PERSONAL NAME | |
| Personal name | Parsons, Dan. |
| Relator code | ill |
| 9 (RLIN) | 5862397 |
| 700 1# - ADDED ENTRY--PERSONAL NAME | |
| Personal name | Wiggam, Michael E. |
| Relator code | ill |
| 9 (RLIN) | 5866636 |
| 700 1# - ADDED ENTRY--PERSONAL NAME | |
| Personal name | Heisler, Michael. |
| Relator code | ill |
| 9 (RLIN) | 5844210 |
| 730 0# - ADDED ENTRY--UNIFORM TITLE | |
| Uniform title | Star Wars, the clone wars (Television program) |
| 9 (RLIN) | 5866637 |
| 942 ## - ADDED ENTRY ELEMENTS (KOHA) | |
| Koha item type | BOOK |
| 948 ## - LOCAL PROCESSING INFORMATION (OCLC); SERIES PART DESIGNATOR (RLIN) | |
| Series part designator, SPT (RLIN) | 10/05/2011 |
| z (OCLC) | Sirsi |
| 994 ## - | |
| -- | 02 |
| -- | WACOL |
| 996 ## - | |
| -- | 86312 |
| -- | 34301001022799 |
| -- | J |
| -- | bk |
| -- | wcl |
| -- | i |
| -- | 28 |
| -- | 15.95 |
| -- | midAmerica |
| -- | Gil |
| -- | 10/17/2011 |
| -- | 05/16/2019 |
| -- | 05/09/2019 |
| Withdrawn status | Lost status | Source of classification or shelving scheme | Damaged status | Not for loan | Collection code | Home library | Current library | Shelving location | Date acquired | Cost, normal purchase price | Total Checkouts | Total Renewals | Full call number | Barcode | Date last seen | Date checked out | Cost, replacement price | Price effective from | Koha item type |
|---|---|---|---|---|---|---|---|---|---|---|---|---|---|---|---|---|---|---|---|
| Dewey Decimal Classification | Junior Graphic Novels | Wasatch County Library | Wasatch County Library | First Floor | 10/17/2011 | 15.95 | 36 | 4 | J GN Gilroy | 34301001022799 | 11/06/2025 | 10/14/2025 | 15.95 | 03/20/2020 | BOOK |
